MARC

LEADER 00000cam a22000004a 4500
001 musev2_69441
003 MdBmJHUP
005 20230905051155.0
006 m o d
007 cr||||||||nn|n
008 100809s2005 ncu o 00 0 eng d
020 |a 9780822387084 
020 |z 9780822335672 
020 |z 9780822335542 
035 |a (OCoLC)1139376398 
040 |a MdBmJHUP  |c MdBmJHUP 
100 1 |a Connolly, William E.,  |e author. 
245 1 0 |a Pluralism /   |c William Connolly. 
264 1 |a Durham :  |b Duke University Press,  |c 2005. 
264 3 |a Baltimore, Md. :  |b Project MUSE,   |c 2020 
264 4 |c ©2005. 
300 |a 1 online resource (206 pages). 
336 |a text  |b txt  |2 rdacontent 
337 |a computer  |b c  |2 rdamedia 
338 |a online resource  |b cr  |2 rdacarrier 
505 0 0 |g Prelude --  |t Pluralism and evil --  |t Pluralism and relativism --  |t Pluralism and the universe --  |t Interlude --  |t Pluralism and time --  |t Pluralism and sovereignty --  |g Postlude:  |t belonging to time. 
520 |a Prominent political theorist defends democratic pluralism as a political stance. 
546 |a English. 
588 |a Description based on print version record. 
650 1 7 |a Political aspects.  |0 (NL-LeOCL)07863122X  |2 gtt 
650 1 7 |a Pluralism (general)  |0 (NL-LeOCL)141004509  |2 gtt 
650 7 |a Pluralismus  |2 gnd 
650 7 |a Toleration.  |2 fast  |0 (OCoLC)fst01152232 
650 7 |a Cultural pluralism.  |2 fast  |0 (OCoLC)fst01715991 
650 7 |a PHILOSOPHY  |x Political.  |2 bisacsh 
650 7 |a POLITICAL SCIENCE  |x Political Freedom & Security  |x Human Rights.  |2 bisacsh 
650 7 |a POLITICAL SCIENCE  |x Political Freedom & Security  |x Civil Rights.  |2 bisacsh 
650 6 |a Tolerance. 
650 6 |a Diversite culturelle  |z États-Unis. 
650 6 |a Diversite culturelle  |x Aspect politique. 
650 0 |a Toleration. 
650 0 |a Cultural pluralism  |z United States. 
650 0 |a Cultural pluralism  |x Political aspects. 
651 7 |a USA.  |2 swd 
651 7 |a United States.  |2 fast  |0 (OCoLC)fst01204155 
655 7 |a Electronic books.   |2 local 
710 2 |a Project Muse.  |e distributor 
830 0 |a Book collections on Project MUSE. 
856 4 0 |z Texto completo  |u https://projectmuse.uam.elogim.com/book/69441/ 
945 |a Project MUSE - Custom Collection